Statistics for Top 10 Most Popular Stores In The U.S.A

Click here to take the quiz!

General Stats

  • This quiz has been taken 264 times
  • The average score is 4 of 10

Answer Stats

HintAnswer% Correct
2.Walmart
96%
10.Target
86%
1.McDonald's
37%
4.Burger King
28%
5.Starbucks
25%
6.Wendy's
25%
9.Taco Bell
20%
8.CVS
19%
7.Walgreens
19%
3.Subway
18%

Score Distribution

Percentile by Number Answered

Percent of People with Each Score

Your Score History

You have not taken this quiz